<?xml version="1.0" encoding="UTF-8"?>
<collection xmlns:xsi="http://www.w3.org/2001/XMLSchema-instance" xsi:schemaLocation="http://www.loc.gov/MARC21/slim http://www.loc.gov/standards/marcxml/schema/MARC21slim.xsd" xmlns="http://www.loc.gov/MARC21/slim">
 <record>
  <leader>00000nam a22000004a 4500</leader>
  <controlfield tag="001">UP-1685954869149768247</controlfield>
  <controlfield tag="003">Buklod</controlfield>
  <controlfield tag="005">20240320122648.0</controlfield>
  <controlfield tag="006">m    |o  d |      </controlfield>
  <controlfield tag="007">ta</controlfield>
  <controlfield tag="008">240313s2024    xxu     rm   |||| u|eng d</controlfield>
  <datafield tag="040" ind1=" " ind2=" ">
   <subfield code="a">DCHE</subfield>
   <subfield code="e">rda</subfield>
  </datafield>
  <datafield tag="041" ind1="0" ind2=" ">
   <subfield code="a">eng</subfield>
  </datafield>
  <datafield tag="090" ind1=" " ind2=" ">
   <subfield code="a">LG 993.5 2024 F66</subfield>
   <subfield code="b">T33</subfield>
  </datafield>
  <datafield tag="100" ind1="1" ind2=" ">
   <subfield code="a">Tabaog, Timothy James A.</subfield>
   <subfield code="e">author.</subfield>
  </datafield>
  <datafield tag="245" ind1="1" ind2="0">
   <subfield code="a">In-silico analysis of ribbon sea lettuce (ulva reticulata) proteins for potential bioactive peptides</subfield>
   <subfield code="c">Timothy James A. Tabaog; Rowena Grace R. Sanchez, thesis adviser.</subfield>
  </datafield>
  <datafield tag="264" ind1=" " ind2="1">
   <subfield code="a">Quezon City</subfield>
   <subfield code="b">College of Home Eonomics, University of the Philippines Diliman</subfield>
   <subfield code="c">[2024]</subfield>
  </datafield>
  <datafield tag="300" ind1=" " ind2=" ">
   <subfield code="a">xii, 64 leaves</subfield>
   <subfield code="b">illustrations</subfield>
   <subfield code="c">28 cm.</subfield>
  </datafield>
  <datafield tag="336" ind1=" " ind2=" ">
   <subfield code="a">text</subfield>
   <subfield code="2">rdacontent</subfield>
  </datafield>
  <datafield tag="337" ind1=" " ind2=" ">
   <subfield code="a">unmediated</subfield>
   <subfield code="2">rdamedia</subfield>
  </datafield>
  <datafield tag="338" ind1=" " ind2=" ">
   <subfield code="a">volume</subfield>
   <subfield code="2">rdacarrier</subfield>
  </datafield>
  <datafield tag="502" ind1=" " ind2=" ">
   <subfield code="a">Thesis (Bachelor of Science in Food Technology) -- University of the Philippines Diliman</subfield>
   <subfield code="d">January 2024.</subfield>
  </datafield>
  <datafield tag="504" ind1=" " ind2=" ">
   <subfield code="a">Bibliography: pages 41-52.</subfield>
  </datafield>
  <datafield tag="506" ind1="0" ind2=" ">
   <subfield code="a">Thesis classification: F.</subfield>
  </datafield>
  <datafield tag="520" ind1="0" ind2=" ">
   <subfield code="a">There has been a significant expansion in the development of therapeutic peptides and the search for natural sources of bioactive peptides (BAP). This growth is fueled by the numerous applications of BAPs in functional foods, including their potential to address health concerns like metabolic and cardiovascular diseases. Ribbon Sea lettuce (Ulva reticulata), a green seaweed species in the Philippines more commonly known as “lumot”, with a high protein content of 21.06% on a dry basis, emerges as a promising candidate for bioactive peptide (BAP) production. Despite this potential, no previous studies have investigated U. reticulata proteins as BAP precursors. In this study, 13 U. reticulata proteins were selected as potential precursors of BAPs using in silico approach. It was found that the most potential bioactivity was dipeptidyl peptidase-IV (DPP IV) inhibitory and angiotensin-I converting enzyme (ACE) inhibitory activities across all the enzymes analyzed. Digestive enzymes such as Trypsin, Chymotrypsin, and Pepsin, industrial proteases such as Thermolysin and plant proteases such as Papain, and Stem Bromelain were used for in-silico proteolysis. Stem bromelain and was found to be more effective in terms of the release of fragments with a given activity. RuBisCO proteins also had the best potential to release BAPs. The study suggests that U. reticulata can serve as a potential source of BAPs and these findings can provide a basis for future in-vitro and in-vivo study of BAPs from U. reticulata proteins.</subfield>
  </datafield>
  <datafield tag="650" ind1=" " ind2="0">
   <subfield code="a">Bioinformatics</subfield>
   <subfield code="z">Philippines.</subfield>
  </datafield>
  <datafield tag="650" ind1=" " ind2="0">
   <subfield code="a">Seaweeds</subfield>
   <subfield code="z">Philippines.</subfield>
  </datafield>
  <datafield tag="700" ind1="1" ind2=" ">
   <subfield code="a">Sanchez, Rowena Grace R.</subfield>
   <subfield code="e">thesis adviser.</subfield>
  </datafield>
  <datafield tag="856" ind1="0" ind2="0">
   <subfield code="y">Available for University of the Philippines Diliman via Digital Archives. Click here to access</subfield>
   <subfield code="u">https://digitalarchives.upd.edu.ph/item/60929/971/ie2fg09GGHF7dDGFbee8D96M</subfield>
  </datafield>
  <datafield tag="905" ind1=" " ind2=" ">
   <subfield code="a">FI</subfield>
  </datafield>
  <datafield tag="905" ind1=" " ind2=" ">
   <subfield code="a">UP</subfield>
  </datafield>
  <datafield tag="852" ind1="0" ind2=" ">
   <subfield code="a">UPD</subfield>
   <subfield code="b">DCHE</subfield>
   <subfield code="h">LG 993.5 2024 F66</subfield>
   <subfield code="i">T33</subfield>
  </datafield>
  <datafield tag="942" ind1=" " ind2=" ">
   <subfield code="a">Thesis</subfield>
  </datafield>
 </record>
</collection>
